000 01943cam a22003855i 4500
999 _c27611
_d27582
001 20868310
003 EG-ScBUE
005 20190911104017.0
008 190227t2018 stka f b 001 0 eng d
020 _a9781474421720
035 _a(OCoLC)on1053988061
040 _aNLE
_beng
_erda
_cNLE
_dOCLCO
_dOCLCF
_dUKMGB
_dYDXIT
_dYDX
_dDLC
_dEG-ScBUE
082 0 4 _a410.285
_bLIN
_222
100 1 _aLindquist, Hans,
_eauthor.
245 1 0 _aCorpus linguistics and the description of English /
_cHans Lindquist and Magnus Levin.
250 _aSecond edition.
264 1 _aEdinburgh :
_bEdinburgh University Press,
_c[2018]
264 4 _cc2018
300 _axix, 235 pages :
_billustrations (black and white) ;
_c22 cm.
336 _atext
_btxt
_2rdacontent
337 _aunmediated
_bn
_2rdamedia
338 _avolume
_bnc
_2rdacarrier
490 0 _aEdinburgh textbooks on the English language.
_a Advanced
500 _aFirst edition published : 2009.
504 _aIncludes bibliographical references and index.
520 _aA lively hands-on introduction to the use of electronic corpora in the description and analysis of English, this book provides an ideal introduction for university students of English at the intermediate level. Students planning papers, dissertations or theses will find the book a particularly valuable guide. After introducing corpora and the rationale and basic methodology of corpus linguistics, the author presents a number of case studies providing new insights into vocabulary, collocations, phraseology, metaphor and metonymy, syntactic structures, male and female language, and language change.
650 7 _aCorpora (Linguistics)
_2BUEsh
_940992
650 7 _aComputational linguistics.
_2BUEsh
650 7 _aEnglish language.
_2BUEsh
653 _bHHUUEENN
_cSeptember2019
655 _vReading book
700 1 _aLevin, Magnus,
_eauthor.
776 0 8 _iebook version :
_z9781474421713
942 _2ddc
_cBB